[Event "DVM U20w 2010"]
[Site "Magdeburg GER"]
[Date "2010.12.29"]
[Round "5"]
[White "Schmalhorst, Sophia"]
[Black "Erben, Larissa"]
[Result "1-0"]
[Termination "normal"]
[Board "1.1"]
[WhiteElo "1861"]
[BlackElo "2092"]
[WhiteTeam "SC Ladja Roßdorf"]
[BlackTeam "SV Stuttgart-Wolfbusch"]
[PlyCount "139"]
[WhiteFideId "24682497"]
[BlackFideId "24634590"]
[EventCountry "GER"]
[EventRounds "7"]
[EventType "team-swiss"]
[EventDate "2010.12.26"]

1. e4 c5 2. Nf3 e6 3. d4 cxd4 4. Nxd4 Nc6 5. Nc3 Qc7 6. g3 a6 7. Bg2 Nf6 8. O-O
Be7 9. Re1 d6 10. Nxc6 bxc6 11. e5 dxe5 12. Rxe5 O-O 13. Bf4 Bd6 14. Rxe6 Bxe6
15. Bxd6 Qb6 16. Bxf8 Rxf8 17. Na4 Qc7 18. Qe2 a5 19. b3 Re8 20. Qd3 Nd5 21. c4
Qe5 22. Rd1 Nb4 23. Qc3 Qe2 24. Qd2 Qxd2 25. Rxd2 Bf5 26. h4 Re1+ 27. Kh2 h5
28. a3 Nd3 29. Bxc6 Rb1 30. b4 axb4 31. axb4 Rxb4 32. Bb5 Rb1 33. Nc3 Rc1 34.
Na2 Rb1 35. Bc6 Ne5 36. Bd5 Nd3 37. Nc3 Rc1 38. Ne4 Ne1 39. Ng5 Kf8 40. Bxf7
Bg4 41. Bd5 Rc3 42. Ra2 Nf3+ 43. Nxf3 Bxf3 44. Ra8+ Ke7 45. Ra7+ Kd6 46. Bxf3
Rxf3 47. Kg2 Rc3 48. Rxg7 Rxc4 49. Rg5 Ke6 50. Rxh5 Kf6 51. Ra5 Kg6 52. Kf3 Rb4
53. Kg2 Rb2 54. Rg5+ Kh6 55. Rf5 Kg6 56. Rf4 Rb3 57. Kh3 Kh5 58. Rf5+ Kg6 59.
Rg5+ Kh6 60. f4 Rb6 61. Kg4 Rf6 62. h5 Kh7 63. Ra5 Kh6 64. Rg5 Kh7 65. f5 Rf8
66. Rg6 Rf7 67. Kg5 Rf8 68. Rh6+ Kg7 69. f6+ Kf7 70. Rg6 1-0

[Event "DVM U20w 2010"]
[Site "Magdeburg GER"]
[Date "2010.12.29"]
[Round "5"]
[White "Stitterich, Nadine"]
[Black "Nguyen Minh, Thuy"]
[Result "1-0"]
[Termination "normal"]
[Board "1.2"]
[WhiteElo "2000"]
[BlackElo "1910"]
[WhiteTeam "SV Stuttgart-Wolfbusch"]
[BlackTeam "SC Ladja Roßdorf"]
[PlyCount "129"]
[WhiteFideId "24676527"]
[BlackFideId "24672688"]
[EventCountry "GER"]
[EventRounds "7"]
[EventType "team-swiss"]
[EventDate "2010.12.26"]

1. e4 e6 2. d3 d5 3. Nd2 Nf6 4. Ngf3 c5 5. g3 Nc6 6. Bg2 Qc7 7. O-O b6 8. Re1
dxe4 9. dxe4 Ba6 10. c3 Be7 11. e5 Nd7 12. Ne4 O-O 13. Bf4 Rad8 14. Ned2 c4 15.
b4 b5 16. a4 Nb6 17. axb5 Bxb5 18. Qc2 h6 19. h4 a6 20. Bf1 Rd7 21. Ne4 Nd5 22.
Red1 Nxf4 23. gxf4 Rfd8 24. Rxd7 Rxd7 25. Ned2 Nb8 26. h5 Qc8 27. Qe4 Rc7 28.
Bh3 Bc6 29. Qe3 Rd7 30. Nd4 Ba8 31. Bf1 Bd5 32. Kh2 Rc7 33. Bh3 Qd8 34. Rg1 Bf8
35. Ne4 Bxe4 36. Qxe4 Qh4 37. Qf3 Kh8 38. Rg3 Nd7 39. Kg2 Nb6 40. Bg4 Qd8 41.
Qe4 Qd5 42. Bf3 Qxe4 43. Bxe4 Nd5 44. Bxd5 exd5 45. f5 Be7 46. f4 a5 47. bxa5
Bc5 48. Kf3 Bxd4 49. cxd4 c3 50. Rg1 c2 51. Rc1 Kg8 52. Ke2 Ra7 53. Rxc2 Rxa5
54. Rc8+ Kh7 55. Rc5 Ra2+ 56. Kf3 Rh2 57. e6 fxe6 58. fxe6 Rh3+ 59. Kg4 Re3 60.
Kf5 Kg8 61. Rxd5 Kf8 62. Rd8+ Ke7 63. Rd7+ Kf8 64. d5 Rh3 65. d6 1-0

[Event "DVM U20w 2010"]
[Site "Magdeburg GER"]
[Date "2010.12.29"]
[Round "5"]
[White "Tran, My Linh"]
[Black "Mijatovic, Andrea"]
[Result "0-1"]
[Termination "normal"]
[Board "1.3"]
[WhiteElo "1892"]
[BlackElo "1912"]
[WhiteTeam "SC Ladja Roßdorf"]
[BlackTeam "SV Stuttgart-Wolfbusch"]
[PlyCount "78"]
[WhiteFideId "24682462"]
[BlackFideId "14514524"]
[EventCountry "GER"]
[EventRounds "7"]
[EventType "team-swiss"]
[EventDate "2010.12.26"]

1. e4 c5 2. Nf3 d6 3. d4 cxd4 4. Nxd4 Nf6 5. Nc3 a6 6. g3 e5 7. Nde2 Nbd7 8. a4
b6 9. Bg2 Bb7 10. h3 h5 11. Bg5 Be7 12. Nc1 Rc8 13. Nd3 Rc7 14. Bxf6 Nxf6 15.
Nb4 Qc8 16. Qd3 Rc4 17. Nbd5 Nxd5 18. exd5 f5 19. Qe3 e4 20. O-O Qc5 21. Qe2
Bf6 22. g4 hxg4 23. hxg4 g6 24. Bxe4 Kf8 25. gxf5 gxf5 26. Qf3 Rxe4 27. Nxe4
Qxd5 28. Rfe1 Qg8+ 29. Kf1 Qc4+ 30. Qd3 Rh1+ 31. Ke2 Qxe4+ 32. Qxe4 Rxe1+ 33.
Rxe1 fxe4 34. c3 Bc6 35. Ra1 Bg5 36. b3 Ke7 37. c4 Ke6 38. Rg1 Bf4 39. Rg6+ Ke5
0-1

[Event "DVM U20w 2010"]
[Site "Magdeburg GER"]
[Date "2010.12.29"]
[Round "5"]
[White "Schäfer, Daniela"]
[Black "Hiller, Vanessa"]
[Result "1-0"]
[Termination "normal"]
[Board "1.4"]
[WhiteElo "1920"]
[BlackElo "1587"]
[WhiteTeam "SV Stuttgart-Wolfbusch"]
[BlackTeam "SC Ladja Roßdorf"]
[PlyCount "79"]
[WhiteFideId "4624769"]
[BlackFideId "24668761"]
[EventCountry "GER"]
[EventRounds "7"]
[EventType "team-swiss"]
[EventDate "2010.12.26"]

1. e4 c5 2. Nf3 Nc6 3. Bb5 g6 4. O-O Bg7 5. c3 Nf6 6. Re1 O-O 7. h3 d5 8. e5
Nd7 9. d4 cxd4 10. cxd4 Qb6 11. Nc3 a6 12. Bf1 e6 13. Rb1 f6 14. Na4 Qc7 15.
exf6 Nxf6 16. Be3 b6 17. Rc1 Qb7 18. Qb3 Rb8 19. Bf4 Bd7 20. Bxb8 Rxb8 21. Nc3
Ne8 22. Qd1 Nd6 23. Ne5 Nf5 24. Nxc6 Bxc6 25. Rxe6 Nxd4 26. Re1 Rd8 27. h4 Nf5
28. h5 d4 29. hxg6 hxg6 30. Qb3+ Kh8 31. Nd1 d3 32. Bxd3 Bxg2 33. Bxf5 gxf5 34.
Qg3 Bh6 35. Rc7 Rg8 36. Rxb7 Bxb7 37. Kh2 Rxg3 38. Kxg3 Be4 39. Nc3 Bd2 40. Rd1
1-0

[Event "DVM U20w 2010"]
[Site "Magdeburg GER"]
[Date "2010.12.29"]
[Round "5"]
[White "Anker, Christin"]
[Black "Stark, Saskia"]
[Result "1/2-1/2"]
[Termination "normal"]
[Board "2.1"]
[WhiteElo "1894"]
[BlackElo "1978"]
[WhiteTeam "SpVgg Stetten"]
[BlackTeam "SG Grün-Weiß Dresden"]
[PlyCount "28"]
[WhiteFideId "1615688"]
[BlackFideId "4601050"]
[EventCountry "GER"]
[EventRounds "7"]
[EventType "team-swiss"]
[EventDate "2010.12.26"]

1. e4 c5 2. Nf3 e6 3. d4 cxd4 4. Nxd4 Nc6 5. Nxc6 bxc6 6. c4 Nf6 7. Nc3 Bb4 8.
Bd3 O-O 9. O-O d5 10. cxd5 cxd5 11. exd5 Bxc3 12. bxc3 Qxd5 13. Be2 Qc5 14. Qb3
Qe5 1/2-1/2

[Event "DVM U20w 2010"]
[Site "Magdeburg GER"]
[Date "2010.12.29"]
[Round "5"]
[White "Lorenz, Nicole"]
[Black "Wisheckel, Lena"]
[Result "1/2-1/2"]
[Termination "normal"]
[Board "2.2"]
[WhiteElo "1887"]
[BlackElo "1778"]
[WhiteTeam "SG Grün-Weiß Dresden"]
[BlackTeam "SpVgg Stetten"]
[PlyCount "35"]
[WhiteFideId "24623709"]
[BlackFideId "24691992"]
[EventCountry "GER"]
[EventRounds "7"]
[EventType "team-swiss"]
[EventDate "2010.12.26"]

1. e4 e5 2. Bc4 Nf6 3. d3 c6 4. Bb3 d5 5. Nf3 Bd6 6. Qe2 O-O 7. Bg5 dxe4 8.
dxe4 Bg4 9. Nbd2 a5 10. a4 Nbd7 11. c3 Re8 12. Nc4 Bc7 13. Rd1 Qe7 14. Ne3 Be6
15. Bc2 Rad8 16. O-O h6 17. Bh4 g6 18. h3 1/2-1/2

[Event "DVM U20w 2010"]
[Site "Magdeburg GER"]
[Date "2010.12.29"]
[Round "5"]
[White "Münch, Marlene"]
[Black "Kosovska, Olena"]
[Result "0-1"]
[Termination "normal"]
[Board "2.3"]
[WhiteElo "1850"]
[BlackElo "1872"]
[WhiteTeam "SpVgg Stetten"]
[BlackTeam "SG Grün-Weiß Dresden"]
[PlyCount "80"]
[WhiteFideId "24639222"]
[BlackFideId "4647963"]
[EventCountry "GER"]
[EventRounds "7"]
[EventType "team-swiss"]
[EventDate "2010.12.26"]

1. d4 g6 2. e4 Bg7 3. Nc3 d6 4. Be3 Nf6 5. f3 O-O 6. Qd2 c6 7. O-O-O b5 8. Kb1
a5 9. Bh6 a4 10. g4 b4 11. Nce2 b3 12. cxb3 axb3 13. a3 Qa5 14. Qxa5 Rxa5 15.
Bxg7 Kxg7 16. Nc3 Ba6 17. Nge2 Nbd7 18. Nc1 Rb8 19. Bxa6 Rxa6 20. Nd3 Ra5 21.
Rc1 c5 22. Ne2 Rc8 23. Rc3 c4 24. Nb4 Nb6 25. Rhc1 d5 26. g5 Ne8 27. exd5 Nd6
28. Re1 Nxd5 29. Nxd5 Rxd5 30. Re3 e6 31. Re5 Nf5 32. Rxd5 exd5 33. Kc1 Re8 34.
Kd2 Re3 35. Nf4 Rxf3 36. Nxd5 Nxd4 37. Nb4 Rh3 38. a4 Nf3+ 39. Kc3 Nxe1+ 40.
Kxc4 Nc2 0-1

[Event "DVM U20w 2010"]
[Site "Magdeburg GER"]
[Date "2010.12.29"]
[Round "5"]
[White "Schreiber, Stefanie"]
[Black "Mehling, Katharina"]
[Result "0-1"]
[Termination "normal"]
[Board "2.4"]
[WhiteElo "1256"]
[BlackElo "1606"]
[WhiteTeam "SG Grün-Weiß Dresden"]
[BlackTeam "SpVgg Stetten"]
[PlyCount "72"]
[BlackFideId "12900362"]
[EventCountry "GER"]
[EventRounds "7"]
[EventType "team-swiss"]
[EventDate "2010.12.26"]

1. e4 e5 2. Nf3 Nc6 3. d4 exd4 4. Nxd4 Bc5 5. Be3 Qf6 6. c3 Nge7 7. Bc4 Ne5 8.
Be2 Qg6 9. O-O d6 10. f3 O-O 11. Kh1 Bb6 12. Nd2 f5 13. exf5 Nxf5 14. Nxf5 Bxf5
15. Bxb6 axb6 16. Nc4 Nd3 17. Qd2 Kh8 18. Ne3 Nf4 19. Rg1 Rae8 20. Bf1 Bd7 21.
Rd1 Re5 22. Bd3 Nxd3 23. Qxd3 Qh6 24. Ng4 Bxg4 25. fxg4 Qe6 26. Rgf1 Rxf1+ 27.
Rxf1 Kg8 28. Qf3 Qf6 29. Kg1 Qxf3 30. Rxf3 Re1+ 31. Rf1 Rxf1+ 32. Kxf1 Kf7 33.
Ke2 Ke6 34. Ke3 Ke5 35. h4 d5 36. g3 c5 0-1

[Event "DVM U20w 2010"]
[Site "Magdeburg GER"]
[Date "2010.12.29"]
[Round "5"]
[White "Blübaum, Johanna"]
[Black "Zikeli, Saskia"]
[Result "0-1"]
[Termination "normal"]
[Board "3.1"]
[WhiteElo "2026"]
[BlackElo "2069"]
[WhiteTeam "Schachverein Wesel 1928"]
[BlackTeam "Schachclub Ingersheim"]
[PlyCount "42"]
[WhiteFideId "24647373"]
[BlackFideId "24601543"]
[EventCountry "GER"]
[EventRounds "7"]
[EventType "team-swiss"]
[EventDate "2010.12.26"]

1. d4 Nf6 2. c4 g6 3. Nc3 Bg7 4. e4 d6 5. Nf3 O-O 6. Be2 e5 7. Be3 Ng4 8. Bg5
f6 9. Bc1 Nc6 10. h3 exd4 11. Nxd4 Nge5 12. O-O f5 13. Nxc6 bxc6 14. c5 fxe4
15. cxd6 cxd6 16. Nxe4 d5 17. Nc5 Qh4 18. f4 Nf7 19. Qa4 Qe7 20. Qxc6 Bd4+ 21.
Rf2 Qxe2 0-1

[Event "DVM U20w 2010"]
[Site "Magdeburg GER"]
[Date "2010.12.29"]
[Round "5"]
[White "Jehle, Anja"]
[Black "Orhan, Eda"]
[Result "1/2-1/2"]
[Termination "normal"]
[Board "3.2"]
[WhiteElo "1933"]
[BlackElo "1756"]
[WhiteTeam "Schachclub Ingersheim"]
[BlackTeam "Schachverein Wesel 1928"]
[PlyCount "51"]
[WhiteFideId "24631434"]
[BlackFideId "24659258"]
[EventCountry "GER"]
[EventRounds "7"]
[EventType "team-swiss"]
[EventDate "2010.12.26"]

1. d4 d5 2. c4 c6 3. cxd5 cxd5 4. Nc3 Nf6 5. Bf4 Nc6 6. Nf3 a6 7. a3 Bf5 8. Rc1
e6 9. e3 Bd6 10. Bg3 O-O 11. Be2 Rc8 12. Nh4 Bg6 13. Nxg6 hxg6 14. Bxd6 Qxd6
15. O-O b5 16. b4 Nd7 17. f4 Ne7 18. Bd3 Nb6 19. Rf3 Nc4 20. Bxc4 Rxc4 21. Ne2
Rxc1 22. Nxc1 Rc8 23. Nd3 Rc3 24. Nc5 Nf5 25. Qd2 Rc4 26. Rf1 1/2-1/2

[Event "DVM U20w 2010"]
[Site "Magdeburg GER"]
[Date "2010.12.29"]
[Round "5"]
[White "Höpken, Sarah"]
[Black "Zikeli, Julia"]
[Result "0-1"]
[Termination "normal"]
[Board "3.3"]
[WhiteElo "1451"]
[BlackElo "1834"]
[WhiteTeam "Schachverein Wesel 1928"]
[BlackTeam "Schachclub Ingersheim"]
[PlyCount "70"]
[WhiteFideId "12927279"]
[BlackFideId "24622753"]
[EventCountry "GER"]
[EventRounds "7"]
[EventType "team-swiss"]
[EventDate "2010.12.26"]

1. e4 c5 2. Bc4 d6 3. Nc3 Nf6 4. d3 Nc6 5. Nf3 e6 6. Bg5 Be7 7. O-O O-O 8. Re1
h6 9. Bh4 Na5 10. e5 Ng4 11. Bg3 d5 12. Bb3 a6 13. Nd2 f5 14. f4 d4 15. Ne2 Ne3
16. Qc1 Nxb3 17. axb3 Qd5 18. Nf3 b5 19. c4 Qc6 20. b4 bxc4 21. dxc4 d3 22.
Qxe3 dxe2 23. Qxe2 cxb4 24. b3 Bb7 25. Kh1 Rfd8 26. Bh4 Bxh4 27. Nxh4 Rd4 28.
Rg1 Qe8 29. Qe3 Rad8 30. Qf2 Qh5 31. Rgf1 Rd2 32. Qb6 Be4 33. Qxe6+ Kh7 34. Nf3
Bxf3 35. Rxf3 Rd1+ 0-1

[Event "DVM U20w 2010"]
[Site "Magdeburg GER"]
[Date "2010.12.29"]
[Round "5"]
[White "Fröschle, Luzie"]
[Black "Logwinenko, Maria"]
[Result "1-0"]
[Termination "normal"]
[Board "3.4"]
[WhiteElo "1775"]
[BlackElo "1273"]
[WhiteTeam "Schachclub Ingersheim"]
[BlackTeam "Schachverein Wesel 1928"]
[PlyCount "113"]
[WhiteFideId "24631221"]
[BlackFideId "12927287"]
[EventCountry "GER"]
[EventRounds "7"]
[EventType "team-swiss"]
[EventDate "2010.12.26"]

1. d4 d5 2. c4 dxc4 3. Nf3 Nc6 4. Nc3 e6 5. e3 Nf6 6. Bxc4 a6 7. O-O Be7 8. a3
O-O 9. Qc2 g6 10. b4 Bd7 11. Bd3 Nd5 12. Ne4 Nb8 13. Ng3 f5 14. e4 Nb6 15. exf5
exf5 16. Qb3+ Kh8 17. Bh6 Rf6 18. Rfe1 Nc8 19. Ng5 Bf8 20. Bxf8 Qxf8 21. h4 h6
22. Ne6 Bxe6 23. Rxe6 Nc6 24. Ne2 Nd6 25. d5 Nd8 26. Re3 Rf7 27. Nf4 Kh7 28.
Rae1 Rc8 29. h5 gxh5 30. Nxh5 c5 31. bxc5 Rxc5 32. Nf4 Rcc7 33. Ne6 Nxe6 34.
Rxe6 Rce7 35. Qb6 Rd7 36. Qe3 Rf6 37. Qf3 Rdf7 38. Qf4 Rd7 39. R1e3 Qf7 40.
R3e5 Qf8 41. Rxf6 Qxf6 42. Bxf5+ Nxf5 43. Qxf5+ Qxf5 44. Rxf5 Kg6 45. g4 Kg7
46. f4 b5 47. Kf2 Rc7 48. Re5 Rf7 49. Ke3 Rd7 50. Ke4 Rd8 51. Re6 Rc8 52. d6
Rd8 53. Ke5 a5 54. Re7+ Kg8 55. Rb7 b4 56. axb4 axb4 57. Rxb4 1-0

[Event "DVM U20w 2010"]
[Site "Magdeburg GER"]
[Date "2010.12.29"]
[Round "5"]
[White "Schulz, Anja"]
[Black "Balsakow, Christine"]
[Result "1-0"]
[Termination "normal"]
[Board "4.1"]
[WhiteElo "2045"]
[BlackElo "1383"]
[WhiteTeam "USC Magdeburg"]
[BlackTeam "SK Nordhorn-Blanke"]
[PlyCount "77"]
[WhiteFideId "24647845"]
[EventCountry "GER"]
[EventRounds "7"]
[EventType "team-swiss"]
[EventDate "2010.12.26"]

1. e4 c5 2. Nf3 d6 3. d4 cxd4 4. Nxd4 Nf6 5. Nc3 a6 6. Be3 e5 7. Nb3 Be6 8. f4
Nbd7 9. f5 Bxb3 10. axb3 Be7 11. Qf3 b5 12. g4 Nb6 13. g5 Ng8 14. Bxb6 Qxb6 15.
Bxb5+ Kd8 16. h4 f6 17. Qd3 fxg5 18. Nd5 Qb7 19. Bxa6 Qc6 20. b4 Nf6 21. b5 Qc5
22. b4 Qd4 23. Qxd4 exd4 24. Nxe7 Kxe7 25. O-O-O Nxe4 26. Rxd4 Ng3 27. Re1+ Kd7
28. hxg5 Nxf5 29. Rd5 Ne7 30. Rd3 Rhf8 31. Red1 Nf5 32. c4 Kc7 33. c5 dxc5 34.
bxc5 Rfd8 35. b6+ Kc6 36. Rxd8 Rxa6 37. Rc8+ Kb7 38. Rc7+ Kb8 39. Rd8# 1-0

[Event "DVM U20w 2010"]
[Site "Magdeburg GER"]
[Date "2010.12.29"]
[Round "5"]
[White "Kleinschmidt, Annika"]
[Black "Heinemann, Josefine"]
[Result "0-1"]
[Termination "normal"]
[Board "4.2"]
[WhiteElo "1552"]
[BlackElo "1578"]
[WhiteTeam "SK Nordhorn-Blanke"]
[BlackTeam "USC Magdeburg"]
[PlyCount "70"]
[WhiteFideId "24670049"]
[BlackFideId "12900460"]
[EventCountry "GER"]
[EventRounds "7"]
[EventType "team-swiss"]
[EventDate "2010.12.26"]

1. e4 c5 2. Nc3 Nc6 3. f4 d6 4. Bc4 e6 5. d3 Nge7 6. Nf3 g6 7. O-O Bg7 8. Qe1
O-O 9. Qh4 Nd4 10. Nxd4 Bxd4+ 11. Kh1 d5 12. Bb3 Bg7 13. g4 d4 14. Ne2 b5 15.
f5 exf5 16. Bg5 Re8 17. gxf5 gxf5 18. exf5 Bb7+ 19. Kg1 Qd7 20. Bxe7 Rxe7 21.
Rae1 Qc6 22. Qg4 Re3 23. Kf2 h5 24. Bxf7+ Kxf7 25. Qxh5+ Kg8 26. Nf4 Rf3+ 27.
Ke2 Qe8+ 28. Kd1 Rxf1 29. Rxf1 Qxh5+ 30. Nxh5 Be5 31. h4 Kf7 32. Kd2 Rh8 33.
Re1 Bc7 34. Ng7 Bf4+ 35. Kd1 Bf3+ 0-1

[Event "DVM U20w 2010"]
[Site "Magdeburg GER"]
[Date "2010.12.29"]
[Round "5"]
[White "Friese, Sarah"]
[Black "Wilke, Tabea"]
[Result "1-0"]
[Termination "normal"]
[Board "5.1"]
[WhiteElo "1490"]
[BlackElo "994"]
[WhiteTeam "Dortmunder SV 1875"]
[BlackTeam "SC Hattersheim"]
[PlyCount "101"]
[WhiteFideId "24691950"]
[BlackFideId "12910015"]
[EventCountry "GER"]
[EventRounds "7"]
[EventType "team-swiss"]
[EventDate "2010.12.26"]

1. e4 e5 2. Nf3 Nc6 3. Bb5 a6 4. Ba4 b5 5. Bb3 Nf6 6. O-O Bc5 7. c3 d5 8. exd5
Nxd5 9. Re1 O-O 10. Nxe5 Nxe5 11. d4 Ng4 12. Qf3 Qd6 13. g3 Be6 14. Bxd5 Qxd5
15. Qxd5 Bxd5 16. dxc5 Rae8 17. Be3 f5 18. Nd2 Re6 19. h3 Nf6 20. a4 c6 21.
axb5 cxb5 22. Bd4 Rfe8 23. Rxe6 Rxe6 24. Bxf6 Rxf6 25. f4 Rg6 26. Kf2 Rc6 27.
b4 Kf7 28. Nf3 Bxf3 29. Kxf3 Re6 30. Kf2 Re4 31. Rxa6 Rc4 32. Ra3 Re4 33. Ra2
Rc4 34. Rc2 Re4 35. Re2 Ke6 36. g4 Kd5 37. Rd2+ Kc6 38. Rd6+ Kc7 39. Rd4 Rxd4
40. cxd4 g6 41. d5 h6 42. Ke3 fxg4 43. hxg4 h5 44. gxh5 gxh5 45. f5 h4 46. f6
h3 47. Kf2 Kd7 48. c6+ Kd6 49. f7 Ke7 50. c7 Kxf7 51. c8=Q 1-0

[Event "DVM U20w 2010"]
[Site "Magdeburg GER"]
[Date "2010.12.29"]
[Round "5"]
[White "Neisius, Laura"]
[Black "Finke, Lara"]
[Result "1-0"]
[Termination "normal"]
[Board "5.2"]
[WhiteElo "1002"]
[BlackElo "1270"]
[WhiteTeam "SC Hattersheim"]
[BlackTeam "Dortmunder SV 1875"]
[PlyCount "69"]
[WhiteFideId "12910040"]
[BlackFideId "12909874"]
[EventCountry "GER"]
[EventRounds "7"]
[EventType "team-swiss"]
[EventDate "2010.12.26"]

1. e4 e5 2. Nf3 Nc6 3. Bb5 a6 4. Bxc6 dxc6 5. Nc3 Qd6 6. d3 Be7 7. Be3 Nf6 8.
h3 Be6 9. O-O O-O 10. Ng5 Bd7 11. a3 Ne8 12. Nf3 f5 13. exf5 Rxf5 14. d4 exd4
15. Bxd4 Bf6 16. Bxf6 Nxf6 17. Qxd6 cxd6 18. Rad1 d5 19. Rfe1 Kf8 20. Ne5 Rd8
21. b4 Rg5 22. Nxd7+ Rxd7 23. Na4 d4 24. Nc5 Rgd5 25. Nxd7+ Rxd7 26. c4 Kf7 27.
c5 Ne8 28. Re4 d3 29. f4 Nc7 30. a4 Ne6 31. Kf2 Kf6 32. g4 h6 33. Ke3 Rf7 34.
Rxd3 Ke7 35. f5 1-0

[Event "DVM U20w 2010"]
[Site "Magdeburg GER"]
[Date "2010.12.29"]
[Round "5"]
[White "Büttner, Sarah"]
[Black "Rosmanitz, Anna"]
[Result "1-0"]
[Termination "normal"]
[Board "5.3"]
[WhiteElo "1285"]
[BlackElo "991"]
[WhiteTeam "Dortmunder SV 1875"]
[BlackTeam "SC Hattersheim"]
[PlyCount "99"]
[WhiteFideId "12909866"]
[BlackFideId "12910058"]
[EventCountry "GER"]
[EventRounds "7"]
[EventType "team-swiss"]
[EventDate "2010.12.26"]

1. d4 d5 2. c4 c6 3. Nc3 Nf6 4. Bg5 Nbd7 5. Nf3 h6 6. Bh4 e6 7. e3 Bb4 8. Qb3
Bxc3+ 9. bxc3 O-O 10. Bd3 Qc7 11. Bg3 Qd8 12. O-O c5 13. Bd6 Re8 14. dxc5 Ne4
15. Bxe4 dxe4 16. Nd4 Nf6 17. Nb5 Rb8 18. Bxb8 Re7 19. Bxa7 Rd7 20. Rfd1 Ng4
21. h3 Ne5 22. Rxd7 Bxd7 23. Nd6 Qg5 24. Nxe4 Qg6 25. Qxb7 Bc6 26. Qb8+ Kh7 27.
Qxe5 Bxe4 28. Qg3 Qf6 29. Rc1 Qe7 30. Qe5 Bg6 31. Bb6 Qd7 32. Qd6 Qa4 33. c6
Qxc4 34. c7 Be4 35. Qd4 Qc6 36. c8=Q Qxc8 37. Qxe4+ g6 38. Bd4 Qd8 39. Qe5 Qf8
40. Qh8+ Qxh8 41. Bxh8 Kxh8 42. c4 Kg7 43. c5 h5 44. c6 Kf6 45. c7 Kg5 46. c8=Q
Kh6 47. h4 g5 48. Qh8+ Kg6 49. Qg8+ Kf6 50. Qxg5# 1-0

[Event "DVM U20w 2010"]
[Site "Magdeburg GER"]
[Date "2010.12.29"]
[Round "5"]
[White "Goldhausen, Nina"]
[Black "Hoffmann, Clara Sandrine"]
[Result "0-1"]
[Termination "normal"]
[Board "5.4"]
[WhiteElo "1000"]
[BlackElo "1133"]
[WhiteTeam "SC Hattersheim"]
[BlackTeam "Dortmunder SV 1875"]
[PlyCount "54"]
[WhiteFideId "12927309"]
[BlackFideId "12909882"]
[EventCountry "GER"]
[EventRounds "7"]
[EventType "team-swiss"]
[EventDate "2010.12.26"]

1. e4 c5 2. Nf3 d6 3. Bc4 Nc6 4. O-O Nf6 5. d3 Bg4 6. Bf4 Nd4 7. Nbd2 g6 8. Re1
Bg7 9. Re3 O-O 10. c3 Ne6 11. a4 Nxf4 12. Qf1 e5 13. Ne1 Qd7 14. Nc2 Bh6 15.
Qb1 Ne2+ 16. Kf1 Bxe3 17. Nxe3 Nf4 18. f3 Be6 19. Ke1 d5 20. Bb5 Qd6 21. Qa2 a6
22. Qb1 axb5 23. axb5 Bd7 24. c4 dxc4 25. dxc4 Rxa1 26. Qxa1 Qd3 27. Qa3 Qe2#
0-1